000 00313nam a2200133Ia 4500
008 230312s9999||||xx |||||||||||||| ||und||
082 _a891.4
_bNAD-U
100 _aندیم احمد
245 0 _aاُردو قوم
260 _bwell come book
_apak
_c2009
300 _a109
650 _aLiterature
942 _cBK
999 _c15038
_d15038